000
00320nam a2200109Ia 4500
008
171211s9999 xx 000 0 und d
245
_a
7-Day Detox Diet Plan: Change Your Eating Habits for Life
245
_c
Lesley Ellis
260
_c
2000
650
_x
COOKBOOKS
856
_u
http://down.ebook777.com/062/0572025661.pdf
999
_c
348150
_d
348150